Normal view
MARC view
Entry Personal Name
001 - CONTROL NUMBER
- control field: 743360
003 - CONTROL NUMBER IDENTIFIER
- control field: OSt
005 - DATE AND TIME OF LATEST TRANSACTION
- control field: 20250317125032.0
008 - FIXED-LENGTH DATA ELEMENTS
- fixed length control field: 250317|| aca||aabn | a|a d
040 ## - CATALOGING SOURCE
- Original cataloging agency: OSt
- Transcribing agency: OSt
100 ## - HEADING--PERSONAL NAME
- Personal name: Boyd H W & Others
670 ## - SOURCE DATA FOUND
- Source citation: Work cat.: (OSt)1257719: Boyd H W & Others, Marketing management, 1998
